|
|
|
|
| LEADER |
00000nam0a2200000 4500 |
| 001 |
231338 |
| 005 |
20231101231056.0 |
| 010 |
|
|
|a 9785383007532
|
| 035 |
|
|
|a (RuTPU)RU\TPU\book\252357
|
| 090 |
|
|
|a 231338
|
| 100 |
|
|
|a 20130131d2013 m y0rusy50 ca
|
| 101 |
0 |
|
|a rus
|
| 102 |
|
|
|a RU
|
| 105 |
|
|
|a a j 000zy
|
| 200 |
1 |
|
|a Электроснабжение потребителей и режимы
|e учебное пособие
|f Б. И. Кудрин, Б. В. Жилин, Ю. В. Матюнина
|
| 210 |
|
|
|a Москва
|c Изд-во МЭИ
|d 2013
|
| 215 |
|
|
|a 412 с.
|c ил.
|
| 330 |
|
|
|a Рассмотрены основные принципы построения систем электроснабжения потребителей с учетом современных подходов. Освещены методы расчета электрических нагрузок и выбора электрооборудования, вопросы обеспечения электробезопасности, надежности электроснабжения, качества электрической энергии. Представлены схемы и компоновки подстанций и внутризаводских электрических сетей. Приведены основные положения по расчету токов короткого замыкания, самозапуску электродвигателей, компенсации реактивной мощности. Рассмотрены вопросы организации электропотребления, энергосбережения и договорных отношений потребителей электроэнергии с субъектами электроэнергетики. Для студентов высших учебных заведений, может быть полезно для инженерно-технических работников.
|
| 606 |
1 |
|
|a Электроснабжение
|2 stltpush
|3 (RuTPU)RU\TPU\subj\20841
|9 45911
|
| 610 |
1 |
|
|a электрическая энергия
|
| 610 |
1 |
|
|a потребители
|
| 610 |
1 |
|
|a электрическое хозяйство
|
| 610 |
1 |
|
|a электрические нагрузки
|
| 610 |
1 |
|
|a электрические сети
|
| 610 |
1 |
|
|a электроэнергия
|
| 610 |
1 |
|
|a канализация
|
| 610 |
1 |
|
|a токи короткого замыкания
|
| 610 |
1 |
|
|a расчет
|
| 610 |
1 |
|
|a реактивная мощность
|
| 610 |
1 |
|
|a компенсация
|
| 610 |
1 |
|
|a качество
|
| 610 |
1 |
|
|a электробезопасность
|
| 610 |
1 |
|
|a надежность
|
| 610 |
1 |
|
|a электродвигатели
|
| 610 |
1 |
|
|a самозапуск
|
| 610 |
1 |
|
|a учет
|
| 610 |
1 |
|
|a энергосбережение
|
| 610 |
1 |
|
|a учебные пособия
|
| 675 |
|
|
|a 621.31.031(075.8)
|v 3
|
| 700 |
|
1 |
|a Кудрин
|b Б. И.
|g Борис Иванович
|
| 701 |
|
1 |
|a Жилин
|b Б. В.
|g Борис Владимирович
|
| 701 |
|
1 |
|a Матюнина
|b Ю. В.
|g Юлия Валерьевна
|
| 801 |
|
1 |
|a RU
|b 63413507
|c 20130131
|
| 801 |
|
2 |
|a RU
|b 63413507
|c 20150604
|g RCR
|
| 942 |
|
|
|c BK
|
| 959 |
|
|
|a 16/20130131
|d 5
|e 550,00
|f ЧЗТЛ:1
|f АНЛ:1
|f УФ:3
|